Match the Arctic Monkeys songs to the albums - Statistics

General Stats
  • This quiz has been taken 17 times
  • The average score is 55 of 80
Answer Stats
Hint Answer % Correct
I Want It All AM
86%
Suck It and See Suck It and See
86%
The Car The Car
86%
I Bet You Look Good on the Dancefloor Whatever People Say I Am, That's What I'm Not
86%
Do I Wanna Know? AM
79%
R U Mine? AM
79%
One for the Road AM
79%
Arabella AM
79%
No.1 Party Anthem AM
79%
Fireside AM
79%
Why'd You Only Call Me When You're High? AM
79%
Knee Socks AM
79%
I Wanna Be Yours AM
79%
Fluorescent Adolescent Favourite Worst Nightmare
79%
Old Yellow Bricks Favourite Worst Nightmare
79%
505 Favourite Worst Nightmare
79%
Secret Door Humbug
79%
Cornerstone Humbug
79%
The Jeweller's Hands Humbug
79%
There'd Better Be a Mirrorball The Car
79%
Body Paint The Car
79%
Tranquility Base Hotel & Casino Tranquility Base Hotel & Casino
79%
Four Out of Five Tranquility Base Hotel & Casino
79%
Fake Tales of San Francisco Whatever People Say I Am, That's What I'm Not
79%
You Probably Couldn't See for the Lights but You Were Staring Straight at Me Whatever People Say I Am, That's What I'm Not
79%
Mardy Bum Whatever People Say I Am, That's What I'm Not
79%
Perhaps Vampires Is a Bit Strong But... Whatever People Say I Am, That's What I'm Not
79%
When the Sun Goes Down Whatever People Say I Am, That's What I'm Not
79%
Mad Sounds AM
71%
Snap Out of It AM
71%
Teddy Picker Favourite Worst Nightmare
71%
Do Me a Favour Favourite Worst Nightmare
71%
This House Is a Circus Favourite Worst Nightmare
71%
If You Were There, Beware Favourite Worst Nightmare
71%
My Propeller Humbug
71%
Potion Approaching Humbug
71%
Dance Little Liar Humbug
71%
Piledriver Waltz Suck It and See
71%
Love Is a Laserquest Suck It and See
71%
Star Treatment Tranquility Base Hotel & Casino
71%
The World's First Ever Monster Truck Front Flip Tranquility Base Hotel & Casino
71%
Batphone Tranquility Base Hotel & Casino
71%
The Ultracheese Tranquility Base Hotel & Casino
71%
The View from the Afternoon Whatever People Say I Am, That's What I'm Not
71%
Riot Van Whatever People Say I Am, That's What I'm Not
71%
Red Light Indicates Doors Are Secured Whatever People Say I Am, That's What I'm Not
71%
From the Ritz to the Rubble Whatever People Say I Am, That's What I'm Not
71%
A Certain Romance Whatever People Say I Am, That's What I'm Not
71%
Brianstorm Favourite Worst Nightmare
64%
D Is for Dangerous Favourite Worst Nightmare
64%
Balaclava Favourite Worst Nightmare
64%
Only Ones Who Know Favourite Worst Nightmare
64%
The Bad Thing Favourite Worst Nightmare
64%
Crying Lightning Humbug
64%
Dangerous Animals Humbug
64%
Fire and the Thud Humbug
64%
She's Thunderstorms Suck It and See
64%
Don't Sit Down 'Cause I've Moved Your Chair Suck It and See
64%
One Point Perspective Tranquility Base Hotel & Casino
64%
American Sports Tranquility Base Hotel & Casino
64%
Science Fiction Tranquility Base Hotel & Casino
64%
Still Take You Home Whatever People Say I Am, That's What I'm Not
64%
Pretty Visitors Humbug
57%
Black Treacle Suck It and See
57%
Brick by Brick Suck It and See
57%
The Hellcat Spangled Shalalala Suck It and See
57%
Library Pictures Suck It and See
57%
Reckless Serenade Suck It and See
57%
That's Where You're Wrong Suck It and See
57%
I Ain't Quite Where I Think I Am The Car
57%
Sculptures of Anything Goes The Car
57%
Big Ideas The Car
57%
Hello You The Car
57%
Mr Schwartz The Car
57%
Golden Trunks Tranquility Base Hotel & Casino
57%
She Looks Like Fun Tranquility Base Hotel & Casino
57%
All My Own Stunts Suck It and See
50%
Dancing Shoes Whatever People Say I Am, That's What I'm Not
50%
Perfect Sense The Car
43%
Jet Skis on the Moat The Car
36%
No matching quizzes found
Score Distribution
Percent of People with Each Score
Percentile by Number Answered
Your Score History
You have not taken this quiz